000 00817cam a2200265 4500
001 ABS66973
008 030821n2003 000 0 eng u
035 _a(Sirsi) u123325
245 _aRegional survey: Hampshire, Dorset and south Wiltshire
260 _c2003
490 _aProperty Week
_v68(26) 4 July 2003, 63-76(8)
590 _aABS
650 _aHAMPSHIRE
650 _aDORSET
650 _aSOUTH WILTSHIRE
650 _aSOUTHAMPTON
650 _aBOURNEMOUTH
650 _aPORTSMOUTH
650 _aBASINGSTOKE
650 _aPROPERTY-COMMERCIAL PROPERTY-OFFICE PROPERTY-OFFICE PROPERTY MARKET
650 _aINDUSTRIAL MARKET
650 _aPROPERTY-COMMERCIAL PROPERTY-RETAIL PROPERTY-RETAIL PROPERTY MARKET
690 _aPROPERTY-COMMERCIAL PROPERTY-COMMERCIAL PROPERTY MARKET
942 _n0
999 _c73261
_d73261